[Event "ISR-chT U18"]
[Site "Beer Yaakov"]
[Date "2022.08.15"]
[Round "5.1"]
[White "Mishkovsky, Israel"]
[Black "Shapira, Gal"]
[Result "0-1"]
[WhiteElo "1940"]
[BlackElo "2020"]
[PlyCount "110"]
[EventDate "2022.08.14"]
[EventType "team-swiss"]
[EventRounds "7"]
[EventCountry "ISR"]
[SourceTitle "CBM 209 Extra"]
[Source "ChessBase"]
[SourceDate "2022.09.30"]
[SourceVersion "1"]
[SourceVersionDate "2022.09.30"]
[SourceQuality "1"]

1. d4 d5 2. Nf3 Nf6 3. c4 e6 4. Nc3 Be7 5. Bf4 0-0 6. e3 c6 7. Bd3 Nbd7 8. 0-0 h6 9. h3 dxc4 10. Bxc4 Nb6 11. Bb3 Nbd5 12. Be5 b6 13. Qe2 a5 14. Rfd1 Ba6 15. Qe1 Nb4 16. Rd2 Nbd5 17. e4 Nxc3 18. bxc3 b5 19. a4 Qb6 20. d5 cxd5 21. exd5 bxa4 22. d6 axb3 23. dxe7 Rfe8 24. Bxf6 gxf6 25. Rd4 Rxe7 26. Qd2 e5 27. Rh4 f5 28. Rxh6 Re6 29. Rxe6 Qxe6 30. Rxa5 f6 31. Rc5 Rc8 32. Rxc8+ Bxc8 33. Qb2 Ba6 34. Nd2 Bc4 35. g3 Qa6 36. h4 Bf7 37. Qb1 Qa2 38. Qd1 Qc2 39. Qe1 b2 40. Kh2 Qxd2 41. Qxd2 b1Q 42. Qh6 Qb6 43. Kg1 Qd6 44. Kh2 e4 45. Qe3 Qd3 46. Qc5 Qf3 47. Kg1 Kg7 48. Qd4 Kg6 49. c4 Qd3 50. h5+ Kg5 51. f4+ Kg4 52. Qxf6 Qd1+ 53. Kf2 Qd2+ 54. Kg1 Qe1+ 55. Kg2 Qxg3+ 0-1

[Event "ISR-chT U18"]
[Site "Beer Yaakov"]
[Date "2022.08.15"]
[Round "4.1"]
[White "Rozen, Eytan"]
[Black "Mishkovsky, Israel"]
[Result "1-0"]
[WhiteElo "2456"]
[BlackElo "1940"]
[PlyCount "59"]
[EventDate "2022.08.14"]
[EventType "team-swiss"]
[EventRounds "7"]
[EventCountry "ISR"]
[SourceTitle "CBM 209 Extra"]
[Source "ChessBase"]
[SourceDate "2022.09.30"]
[SourceVersion "1"]
[SourceVersionDate "2022.09.30"]
[SourceQuality "1"]

1. c4 c6 2. Nf3 d5 3. d4 Nf6 4. Nc3 e6 5. Bg5 h6 6. Bh4 Bb4 7. e3 0-0 8. Bd3 dxc4 9. Bxc4 Nbd7 10. 0-0 b5 11. Bd3 Bb7 12. Rc1 a6 13. e4 Be7 14. e5 Ne8 15. Bxe7 Qxe7 16. Ne4 Rc8 17. Nc5 Nb6 18. Nd2 Rd8 19. Nde4 Rxd4 20. Nxb7 Rxd3 21. Qxd3 Qxb7 22. Qc3 Nc7 23. Qxc6 Qxc6 24. Rxc6 Ncd5 25. Nc3 Ra8 26. Rc1 Nc4 27. Nxd5 exd5 28. b3 Nxe5 29. Rc8+ Rxc8 30. Rxc8+ 1-0